000 00373 a2200157 4500
001 14682
020 _a9788578273965
040 _cAnchieta - Aquarius
100 _aHecker, Joachim
240 1 0 _aA casa dos pequenos cientistas
_lpor
245 1 0 _aA casa dos pequenos cientistas
300 _a113
362 0 _a2011
650 4 _aLiteratura infanto-juvenil
942 _cBK
999 _c14682
_d14682